000 00665nam a2200205 i 4500
001 76335
003 ES-MaACL
005 20250806014153.0
007 t|
008 040930s1979 sp a |||| | spa d
245 0 0 _aManual de medicina interna /
_cdirigido por Rudolf Gross, P. Schölmerich ; [versión, Rafael Echevarría Ramos ... [et al.].
260 _aBarcelona :
_bReverté,
_c[1979]
300 _a2 v. :
_bil. ;
_c25 cm.
650 0 7 _aMedicina interna
_2embne
_914925
700 1 _aGross, Rudolf.
_960172
700 1 _aSchölmerich, P.
_9104633
700 1 _aEchevarría Ramos, Rafael.
_946563
852 _aES-MaACL
_jL-3271-72
999 _c76335
_d76335